000 00324nam a22001217a 4500
008 181129b xxu||||| |||| 00| 0 eng d
041 _aeng
080 _a043.3
100 _a0
101 _aBTH-MBE
245 _aMundesite dhe efektet e shkembimit te lire t e dijes per te promovuar inovacione
_cOsmani, L
942 _2udc
_cBK
999 _c52662
_d52662